12 Mesi in Ordine Alfabetico - Statistics

Statistiche generali
  • Questo quiz è stato fatto 140 volte
  • Il punteggio medio è 4 su 12
Statistiche sulle risposte
Mese % Corretto
Agosto
100%
Aprile
79%
Dicembre
44%
Febbraio
34%
Gennaio
30%
Giugno
21%
Luglio
20%
Maggio
15%
Marzo
15%
Novembre
13%
Ottobre
13%
Settembre
13%
Nessun quiz corrispondente trovato
Distribuzione punteggi
Percentuale di utenti per punteggio
Percentile per numero di risposta
I tuoi punteggi nel tempo
Non hai fatto questo quiz